[Event "2BLW 2122 SG Bochum - SC Remagen Sinzig"]
[Site "?"]
[Date "2022.03.05"]
[Round "1.1"]
[White "Chatalbashev, Boris"]
[Black "Kotainy, Jens"]
[Result "1-0"]
[WhiteElo "2515"]
[BlackElo "2444"]
[PlyCount "59"]
[EventDate "2022.??.??"]

1. d4 e6 2. c4 f5 3. g3 Nf6 4. Bg2 Be7 5. Nf3 d6 6. O-O O-O 7. b3 a5 8. Bb2 a4
9. Nbd2 Nc6 10. e3 Qe8 11. Bc3 d5 12. bxa4 Nd8 13. a5 Nc6 14. Qc2 Nxa5 15. cxd5
Nxd5 16. Bxa5 Rxa5 17. Ne5 Qa4 18. Nb3 Bd6 19. e4 Nb6 20. Nd3 Nc4 21. Rac1 Na3
22. Qd2 Rb5 23. e5 Bb4 24. Nxb4 Rxb4 25. Rxc7 Nb5 26. Nc5 Qa3 27. Re7 Rxd4 28.
Qg5 Rf7 29. Re8+ Rf8 30. Qe7 1-0

[Event "2BLW 2122 SG Bochum - SC Remagen Sinzig"]
[Site "?"]
[Date "2022.03.05"]
[Round "1.2"]
[White "Schlawin, Marlon"]
[Black "Cyborowski, Lukasz"]
[Result "1/2-1/2"]
[WhiteElo "2319"]
[BlackElo "2495"]
[PlyCount "45"]
[EventDate "2022.??.??"]

1. c4 e6 2. g3 d5 3. Bg2 Nf6 4. Nf3 Be7 5. b3 O-O 6. Bb2 b6 7. O-O Bb7 8. Qc2
c5 9. cxd5 Nxd5 10. Nc3 Nc6 11. Rac1 Rc8 12. Qb1 Qd7 13. Nxd5 Qxd5 14. Rfd1 Qh5
15. Qa1 f6 16. d4 cxd4 17. Bxd4 Rfd8 18. Bc3 Rxd1+ 19. Rxd1 Rd8 20. Rxd8+ Nxd8
21. Qd1 Qd5 22. Qxd5 Bxd5 23. Nd2 1/2-1/2

[Event "2BLW 2122 SG Bochum - SC Remagen Sinzig"]
[Site "?"]
[Date "2022.03.05"]
[Round "1.3"]
[White "Dgebuadze, Alexandre"]
[Black "Tkachuk, Konstantyn"]
[Result "1-0"]
[WhiteElo "2459"]
[BlackElo "2275"]
[PlyCount "89"]
[EventDate "2022.??.??"]

1. d4 Nf6 2. Nf3 g6 3. Nc3 d5 4. Bf4 Bg7 5. e3 O-O 6. Be2 c5 7. dxc5 Qa5 8. O-O
Qxc5 9. Nd4 Ne4 10. Nb3 Nxc3 11. Nxc5 Nxd1 12. Rfxd1 b6 13. Bf3 e6 14. Nd3 Bb7
15. c4 Na6 16. cxd5 Bxd5 17. Bxd5 exd5 18. Be5 Rac8 19. Bxg7 Kxg7 20. Rac1 Rxc1
21. Rxc1 Kf6 22. b4 Rd8 23. b5 Nc5 24. Nxc5 bxc5 25. Rxc5 d4 26. Rc6+ Kg7 27.
Kf1 dxe3 28. fxe3 Rd3 29. Ra6 Rd7 30. Ke2 Rb7 31. a4 Rd7 32. Rc6 h5 33. Rc4 Kf6
34. a5 Rb7 35. Rb4 Ke5 36. b6 axb6 37. Rb5+ Kd6 38. Rxb6+ Rxb6 39. axb6 Kc6 40.
Kd3 Kxb6 41. Kd4 Kc6 42. Ke5 Kd7 43. Kf6 Ke8 44. h4 Kf8 45. e4 1-0

[Event "2BLW 2122 SG Bochum - SC Remagen Sinzig"]
[Site "?"]
[Date "2022.03.05"]
[Round "1.4"]
[White "Werthebach, Felix"]
[Black "Jaracz, Pawel"]
[Result "0-1"]
[WhiteElo "2220"]
[BlackElo "2463"]
[PlyCount "105"]
[EventDate "2022.??.??"]

1. c4 e6 2. g3 d5 3. Bg2 d4 4. d3 Nc6 5. f4 Nge7 6. Nf3 Nf5 7. O-O h5 8. Bd2 a5
9. Na3 g6 10. Nc2 Bg7 11. Qe1 O-O 12. h3 e5 13. Ng5 exf4 14. Bxf4 Qe7 15. Ne4
Ne5 16. Rd1 c6 17. Qf2 Be6 18. e3 dxe3 19. Nxe3 Rad8 20. Nxf5 Bxf5 21. Qe2 Rfe8
22. Bg5 f6 23. Bc1 Nxd3 24. Rxd3 Rxd3 25. Qxd3 Bxe4 26. Bxe4 Qxe4 27. Qxe4 Rxe4
28. b3 f5 29. Kf2 a4 30. Rd1 Bd4+ 31. Kf3 axb3 32. axb3 Kf7 33. Bf4 Ke6 34. g4
hxg4+ 35. hxg4 Be5 36. gxf5+ gxf5 37. Bxe5 Rxe5 38. Rd8 Ra5 39. Kf4 Ra3 40.
Re8+ Kd6 41. Re3 Kc5 42. Kxf5 Kb4 43. Re7 Rxb3 44. Rxb7+ Kxc4 45. Rc7 c5 46.
Ke4 Kb4 47. Rd7 c4 48. Rd1 Rb2 49. Ke3 Kb3 50. Rc1 c3 51. Rd1 c2 52. Rd3+ Ka2
53. Kd2 0-1

[Event "2BLW 2122 SG Bochum - SC Remagen Sinzig"]
[Site "?"]
[Date "2022.03.05"]
[Round "1.5"]
[White "Cioara, Andrei-Nestor"]
[Black "Hengelbrock, Joachim"]
[Result "1/2-1/2"]
[WhiteElo "2411"]
[BlackElo "2292"]
[PlyCount "54"]
[EventDate "2022.??.??"]

1. d4 g6 2. g3 Bg7 3. Bg2 d6 4. c4 Nc6 5. d5 Ne5 6. f4 Nd7 7. Nf3 Ngf6 8. Nc3
O-O 9. O-O c6 10. h3 cxd5 11. cxd5 Nc5 12. Nd4 Bd7 13. Kh2 Qb6 14. e3 Rac8 15.
Rb1 Bf5 16. Nxf5 gxf5 17. Ne2 Nce4 18. Qd3 Qa5 19. g4 Qxa2 20. gxf5 Nc5 21. Nc3
Nxd3 22. Nxa2 Rc2 23. Nc3 Rc8 24. Rd1 Nxc1 25. Rdxc1 Rd2 26. Rd1 Rc2 27. Rdc1
Rd2 1/2-1/2

[Event "2BLW 2122 SG Bochum - SC Remagen Sinzig"]
[Site "?"]
[Date "2022.03.05"]
[Round "1.6"]
[White "Tkachuk, Sergij"]
[Black "Polaczek, Richard"]
[Result "1/2-1/2"]
[WhiteElo "2224"]
[BlackElo "2360"]
[PlyCount "95"]
[EventDate "2022.??.??"]

1. e4 e6 2. d4 d5 3. exd5 exd5 4. Nf3 Nc6 5. Bb5 Bd6 6. c4 dxc4 7. d5 a6 8. Ba4
b5 9. dxc6 bxa4 10. O-O Ne7 11. Qxa4 O-O 12. Nbd2 Rb8 13. a3 Rb5 14. Nxc4 Nxc6
15. Nxd6 cxd6 16. Bd2 Ne5 17. Nxe5 dxe5 18. Rad1 Bb7 19. Be3 Qa8 20. f3 Rxb2
21. Rf2 Rxf2 22. Kxf2 Rd8 23. Bb6 Rxd1 24. Qxd1 Bd5 25. Qc1 Bc6 26. Qd2 Qe8 27.
Qd8 Qxd8 28. Bxd8 h5 29. g3 Kh7 30. h4 Kg6 31. Ke3 Kf5 32. Be7 f6 33. Bd8 Ke6
34. Ba5 Kf5 35. Bd8 Ba4 36. Be7 Bd7 37. Bd8 Ke6 38. Ba5 Bc6 39. Bd8 Kd7 40. Ba5
g5 41. Bb6 gxh4 42. gxh4 Ke6 43. Bd8 Kf5 44. Be7 Ke6 45. Bd8 Kf5 46. Be7 Ke6
47. Bd8 Kf5 48. Be7 1/2-1/2

[Event "2BLW 2122 SG Bochum - SC Remagen Sinzig"]
[Site "?"]
[Date "2022.03.05"]
[Round "1.7"]
[White "Mainka, Romuald"]
[Black "Backwinkel, Paul"]
[Result "1-0"]
[WhiteElo "2374"]
[BlackElo "2297"]
[PlyCount "61"]
[EventDate "2022.??.??"]

1. e4 e6 2. d4 d5 3. Nd2 Be7 4. Ngf3 Nf6 5. e5 Nfd7 6. c3 c5 7. Bd3 Nc6 8. O-O
Qb6 9. Re1 g5 10. Nf1 g4 11. N3d2 h5 12. c4 cxd4 13. cxd5 exd5 14. f4 Nc5 15.
Bb1 Bd7 16. a3 a5 17. b3 O-O-O 18. Ra2 f5 19. exf6 Bxf6 20. Ng3 d3 21. Kh1 h4
22. Ngf1 h3 23. g3 Bf5 24. Ne3 Ne4 25. Nxe4 Bxe4+ 26. Kg1 Nd4 27. Qxg4+ Kb8 28.
Kf2 Nxb3 29. Bb2 Rc8 30. a4 d2 31. Rd1 1-0

[Event "2BLW 2122 SG Bochum - SC Remagen Sinzig"]
[Site "?"]
[Date "2022.03.05"]
[Round "1.8"]
[White "Wuebker, Paul-Luca"]
[Black "Huhndorf, Arnold"]
[Result "1-0"]
[WhiteElo "2119"]
[BlackElo "2203"]
[PlyCount "141"]
[EventDate "2022.??.??"]

1. d4 Nf6 2. c4 c5 3. d5 g6 4. Nc3 Bg7 5. e4 d6 6. Nf3 O-O 7. Bd3 Bg4 8. h3
Bxf3 9. Qxf3 e6 10. O-O exd5 11. exd5 Nfd7 12. Bc2 Ne5 13. Qe2 f5 14. f4 Nf7
15. Re1 Nd7 16. Bd2 Re8 17. Qf3 a6 18. Rxe8+ Qxe8 19. Re1 Qd8 20. a4 Bd4+ 21.
Kh2 b6 22. g4 fxg4 23. hxg4 Qh4+ 24. Kg2 Nfe5 25. Qe2 Nxg4 26. Rh1 Qf2+ 27.
Qxf2 Nxf2 28. Re1 Rf8 29. Re6 Rf6 30. Re2 Ng4 31. Kh3 Nh6 32. Ne4 Rf8 33. Nxd6
Nf7 34. Nxf7 Kxf7 35. b3 Re8 36. Rxe8 Kxe8 37. a5 Ke7 38. axb6 Nxb6 39. Kg4 Kf6
40. Be1 h5+ 41. Kf3 g5 42. fxg5+ Kxg5 43. Bd2+ Kf6 44. Kg3 Be5+ 45. Kh4 Bc7 46.
Bc3+ Ke7 47. Kxh5 a5 48. Kg6 a4 49. Bb2 axb3 50. Bxb3 Bg3 51. Bf6+ Kd6 52. Bg7
Nd7 53. Kf5 Be5 54. Bh6 Bd4 55. Ba4 Nb6 56. Bf8+ Kc7 57. Bb5 Nc8 58. Ke6 Bf2
59. d6+ Nxd6 60. Bxd6+ Kb6 61. Bf4 Bd4 62. Kd5 Bf2 63. Be8 Bd4 64. Bd6 Bf2 65.
Be7 Be3 66. Bd8+ Kb7 67. Bd7 Bf2 68. Ke4 Bd4 69. Kd3 Be5 70. Kc2 Bd6 71. Kb3
1-0

[Event "2BLW 2122 SK Münster - SG Porz"]
[Site "?"]
[Date "2022.03.05"]
[Round "1.1"]
[White "Lutz, Christopher"]
[Black "Holtel, Jasper"]
[Result "1-0"]
[WhiteElo "2537"]
[BlackElo "2351"]
[PlyCount "81"]
[EventDate "2022.??.??"]

1. e4 c5 2. Nf3 d6 3. d4 cxd4 4. Nxd4 Nf6 5. Nc3 a6 6. Be2 e5 7. Nb3 Be7 8. O-O
O-O 9. Kh1 b6 10. Be3 Bb7 11. f3 b5 12. a4 b4 13. Nd5 Nxd5 14. exd5 Nd7 15. c4
bxc3 16. bxc3 Bg5 17. Bg1 h5 18. c4 h4 19. Rb1 Bc8 20. c5 dxc5 21. Nxc5 Nxc5
22. Bxc5 Re8 23. d6 Bf5 24. Rb7 h3 25. g3 e4 26. Rxf7 Kxf7 27. fxe4 Re5 28.
Rxf5+ Rxf5 29. exf5 Kg8 30. Bc4+ Kh8 31. d7 Rb8 32. Bf1 Qc7 33. Qh5+ Bh6 34.
Qe8+ Kh7 35. Qg6+ Kg8 36. Qe6+ Kh7 37. Qg6+ Kg8 38. Bc4+ Kh8 39. Qe8+ Kh7 40.
Bg8+ Kh8 41. Bf7+ 1-0

[Event "2BLW 2122 SK Münster - SG Porz"]
[Site "?"]
[Date "2022.03.05"]
[Round "1.2"]
[White "Webb, Laurence E"]
[Black "Xu, Xianliang"]
[Result "0-1"]
[WhiteElo "2104"]
[BlackElo "2440"]
[PlyCount "90"]
[EventDate "2022.??.??"]

1. d4 d5 2. c4 Nc6 3. Nf3 Bg4 4. cxd5 Bxf3 5. gxf3 Qxd5 6. e3 e5 7. Nc3 Bb4 8.
Bd2 Bxc3 9. bxc3 Qd6 10. Rb1 b6 11. Bb5 Nge7 12. dxe5 Qxe5 13. Qa4 Qf6 14.
Bxc6+ Nxc6 15. Qe4+ Kf8 16. Rb5 g6 17. O-O Re8 18. Qf4 Qxf4 19. exf4 Kg7 20. c4
Nd4 21. Bc3 c5 22. Rd1 Re2 23. a4 Rd8 24. a5 Rc2 25. Bxd4+ cxd4 26. axb6 axb6
27. Rxb6 Rxc4 28. Rd3 Re8 29. Rb2 Kf6 30. Kg2 Rd8 31. Kg3 Rc3 32. Rb6+ Kf5 33.
Rb5+ Ke6 34. f5+ gxf5 35. Rxc3 dxc3 36. Rc5 Rd3 37. Kf4 Kd6 38. Rc8 Kd5 39. h4
Kd4 40. h5 Rd2 41. Kxf5 Rxf2 42. f4 c2 43. h6 Kd3 44. Ke5 Rf1 45. Rd8+ Ke3 0-1

[Event "2BLW 2122 SK Münster - SG Porz"]
[Site "?"]
[Date "2022.03.05"]
[Round "1.3"]
[White "Suvorov, Alexander"]
[Black "Wolter, Kai"]
[Result "1/2-1/2"]
[WhiteElo "2357"]
[BlackElo "2283"]
[PlyCount "48"]
[EventDate "2022.??.??"]

1. d4 Nf6 2. c4 g6 3. Nc3 Bg7 4. e4 d6 5. Nf3 O-O 6. Be2 e5 7. Be3 exd4 8. Nxd4
Re8 9. f3 Nc6 10. O-O Bd7 11. Qd2 Nxd4 12. Bxd4 Bc6 13. Rac1 a6 14. b4 b6 15.
a3 Qe7 16. Qb2 Nh5 17. Bxg7 Nxg7 18. Nd5 Bxd5 19. cxd5 f5 20. Bd3 fxe4 21. fxe4
Rf8 22. Rxf8+ Rxf8 23. Rf1 Rxf1+ 24. Kxf1 Nh5 1/2-1/2

[Event "2BLW 2122 SK Münster - SG Porz"]
[Site "?"]
[Date "2022.03.05"]
[Round "1.4"]
[White "Schmitzer, Klaus"]
[Black "Korotkjevich, Stanislav"]
[Result "1-0"]
[WhiteElo "2243"]
[BlackElo "2367"]
[PlyCount "99"]
[EventDate "2022.??.??"]

1. e4 Nc6 2. d4 e5 3. Nf3 exd4 4. Nxd4 Bc5 5. Be3 Qf6 6. c3 Nge7 7. Nc2 d6 8.
g3 Ne5 9. f4 Bxe3 10. Nxe3 N5g6 11. Bg2 h5 12. h4 Bd7 13. Qd4 Bc6 14. Nd2 Qxd4
15. cxd4 O-O-O 16. O-O Nf8 17. d5 Bb5 18. Rfe1 Nd7 19. a4 Ba6 20. b4 b6 21. Nf3
Bb7 22. a5 Kb8 23. Ng5 Rhf8 24. Bf3 g6 25. Red1 Rde8 26. Kf2 Nc8 27. a6 Ba8 28.
Rac1 Re7 29. Rc3 Rfe8 30. Nc2 Nf6 31. Nd4 Rxe4 32. Nxe4 Rxe4 33. Nb5 Re7 34.
Rdc1 Ne8 35. Bg2 Rd7 36. Bh3 f5 37. Bg2 Rf7 38. Bf3 Rd7 39. R1c2 Rf7 40. Re3
Ng7 41. Rce2 Rf8 42. Nd4 Rg8 43. Re1 Rh8 44. Rc1 Rg8 45. Rec3 Ne8 46. Ne6 Nf6
47. Nxc7 Ne7 48. Nxa8 Kxa8 49. Rc7 Re8 50. Rxe7 1-0

[Event "2BLW 2122 SK Münster - SG Porz"]
[Site "?"]
[Date "2022.03.05"]
[Round "1.5"]
[White "Suvorov, Luca"]
[Black "Chilla, Jan Eric"]
[Result "1/2-1/2"]
[WhiteElo "2301"]
[BlackElo "2231"]
[PlyCount "104"]
[EventDate "2022.??.??"]

1. d4 Nf6 2. c4 e6 3. Nc3 Bb4 4. e3 O-O 5. Nge2 Re8 6. a3 Bf8 7. Ng3 d5 8. Be2
dxc4 9. O-O c5 10. dxc5 Bxc5 11. Bxc4 a6 12. b4 Be7 13. Qe2 b5 14. Bb3 Bb7 15.
Bb2 Nbd7 16. e4 Qc7 17. f4 Nb6 18. Rac1 Nc4 19. Bxc4 bxc4 20. Na4 Qc6 21. Bxf6
Bxf6 22. Nc5 Bd4+ 23. Kh1 c3 24. Nxb7 Qxb7 25. e5 Qb5 26. Qg4 Rec8 27. f5 Bxe5
28. fxe6 fxe6 29. Qxe6+ Kh8 30. Ne4 Rf8 31. Rfe1 Rae8 32. Qb3 Bd4 33. Qd1 Rd8
34. Qg4 c2 35. Ng3 Bb2 36. Rxc2 Bxa3 37. Rc7 Bb2 38. Rc5 Qd3 39. Qc4 Qd2 40.
Rf1 Bd4 41. Rd5 Rxd5 42. Qxd5 Qxb4 43. Rd1 Bb2 44. Ne4 Qb5 45. h4 Rf1+ 46. Kh2
Qb8+ 47. g3 Rxd1 48. Qxd1 Be5 49. Qd3 Qb2+ 50. Kh3 Qd4 51. Qxa6 Qd7+ 52. Kh2 h6
1/2-1/2

[Event "2BLW 2122 SK Münster - SG Porz"]
[Site "?"]
[Date "2022.03.05"]
[Round "1.6"]
[White "Kamp, Christoph"]
[Black "Braun, Christian"]
[Result "0-1"]
[WhiteElo "2272"]
[BlackElo "2417"]
[PlyCount "100"]
[EventDate "2022.??.??"]

1. c4 Nf6 2. Nc3 g6 3. e4 d6 4. d4 Bg7 5. Be2 O-O 6. Nf3 e5 7. O-O Bg4 8. dxe5
Bxf3 9. exf6 Bxe2 10. Qxe2 Qxf6 11. Be3 Qe6 12. Nb5 Na6 13. Bd4 Rfe8 14. Bxg7
Kxg7 15. Rfe1 f5 16. f3 fxe4 17. Qxe4 Qxe4 18. Rxe4 Rxe4 19. fxe4 Kf6 20. Kf2
Ke5 21. Ke3 Rf8 22. Rd1 h6 23. a3 Ke6 24. b4 Ke7 25. Ke2 Rd8 26. Rd3 c6 27. Nd4
c5 28. Nc2 Rc8 29. b5 Nc7 30. Rg3 Ne6 31. Ke3 Kf6 32. Rf3+ Kg7 33. Rf1 Nd8 34.
Ne1 a6 35. a4 axb5 36. axb5 Ra8 37. Nf3 Ra3+ 38. Ke2 Nf7 39. Rd1 Kf6 40. Rd3
Ra4 41. Nd2 Ke6 42. Rc3 Ne5 43. h3 h5 44. Ke3 Kd7 45. Kf4 Kc7 46. g4 hxg4 47.
hxg4 Kb6 48. Kg5 Ka5 49. Kf4 Ra2 50. Nf3 Rf2 0-1

[Event "2BLW 2122 SK Münster - SG Porz"]
[Site "?"]
[Date "2022.03.05"]
[Round "1.7"]
[White "Pauly, Carlo"]
[Black "Rott, Georg"]
[Result "1-0"]
[WhiteElo "2298"]
[BlackElo "2149"]
[PlyCount "61"]
[EventDate "2022.??.??"]

1. d4 d5 2. c4 e6 3. Nc3 c5 4. cxd5 exd5 5. Nf3 Nc6 6. dxc5 d4 7. Na4 Bxc5 8.
Nxc5 Qa5+ 9. Bd2 Qxc5 10. Rc1 Qb6 11. e3 Nf6 12. Qa4 O-O 13. Nxd4 Qxb2 14. Nxc6
bxc6 15. Bc4 Rd8 16. Qb4 Qe5 17. Qa5 Qe8 18. Bc3 Ne4 19. O-O Nxc3 20. Rxc3 Rd6
21. Rfc1 g6 22. h4 Qe4 23. Qg5 Kg7 24. h5 h6 25. Qg3 Qe7 26. e4 Bd7 27. e5 Rd4
28. e6 Bxe6 29. Bxe6 Qxe6 30. Rxc6 Qd5 31. R1c5 1-0

[Event "2BLW 2122 SK Münster - SG Porz"]
[Site "?"]
[Date "2022.03.05"]
[Round "1.8"]
[White "Wichtrup, Jan-Louis"]
[Black "Sabirov, Ramil"]
[Result "1/2-1/2"]
[WhiteElo "2157"]
[BlackElo "2146"]
[PlyCount "138"]
[EventDate "2022.??.??"]

1. d4 Nf6 2. c4 g6 3. Nc3 d5 4. Bg5 Ne4 5. Bh4 Nxc3 6. bxc3 c5 7. cxd5 Qxd5 8.
e3 Bg7 9. Nf3 Nc6 10. Be2 O-O 11. O-O b6 12. Nd2 cxd4 13. cxd4 Bb7 14. Bf3 Qd7
15. Qa4 Rfd8 16. Qa3 Re8 17. Rac1 Rac8 18. Rfd1 Bf8 19. Qa4 Red8 20. h3 Ne5 21.
Qxd7 Nxf3+ 22. Nxf3 Rxd7 23. Rxc8 Bxc8 24. Rc1 Ba6 25. Ne5 Rb7 26. Nc6 Bd3 27.
f3 b5 28. Ne5 Bc4 29. a4 a6 30. axb5 axb5 31. Nxc4 Rc7 32. Bg3 Rc8 33. Be1 e6
34. Ba5 bxc4 35. Bb6 Bb4 36. Bc5 Bd2 37. Rxc4 Bxe3+ 38. Kf1 Bxd4 39. Rxd4 Rxc5
40. Kf2 e5 41. Rd2 Kg7 42. Ra2 g5 43. Ra4 Kg6 44. h4 h5 45. hxg5 Kxg5 46. Kg3
f5 47. Rb4 Rc2 48. Kh3 Rc3 49. Kg3 e4 50. Rb8 h4+ 51. Kf2 Kf4 52. fxe4 Rc2+ 53.
Kf1 fxe4 54. Rb3 Rd2 55. Rh3 Kg4 56. Re3 Rd4 57. Kf2 Ra4 58. Kf1 Ra1+ 59. Kf2
Ra2+ 60. Kf1 Kf4 61. Rh3 Rb2 62. Rxh4+ Ke3 63. Rh3+ Kd2 64. Kf2 Rb7 65. Ra3
Rf7+ 66. Kg3 e3 67. Ra2+ Kd1 68. Ra1+ Kd2 69. Ra2+ Kd1 1/2-1/2

[Event "2BLW 2122 SG Solingen II - SV 1920 Hofh"]
[Site "?"]
[Date "2022.03.05"]
[Round "1.1"]
[White "Bernadskiy, Vitaliy"]
[Black "Krastev, Alexander"]
[Result "1-0"]
[WhiteElo "2606"]
[BlackElo "2409"]
[PlyCount "49"]
[EventDate "2022.??.??"]

1. d4 Nf6 2. c4 e6 3. Nf3 c5 4. Nc3 cxd4 5. Nxd4 d5 6. Bf4 a6 7. e3 Nbd7 8. Qa4
Bc5 9. cxd5 exd5 10. Be2 O-O 11. O-O Ba7 12. Qd1 Nc5 13. Rc1 Re8 14. Bg5 Ne6
15. Nxe6 fxe6 16. Bd3 Bd7 17. e4 d4 18. e5 dxc3 19. Rxc3 Qe7 20. Rc7 Rad8 21.
Rxb7 Bb8 22. exf6 gxf6 23. Bh4 e5 24. Bxa6 Qe6 25. Qb3 1-0

[Event "2BLW 2122 SG Solingen II - SV 1920 Hofh"]
[Site "?"]
[Date "2022.03.05"]
[Round "1.2"]
[White "Roseneck, Jonas"]
[Black "Womacka, Mathias"]
[Result "1-0"]
[WhiteElo "2376"]
[BlackElo "2425"]
[PlyCount "63"]
[EventDate "2022.??.??"]

1. c4 c5 2. Nf3 Nf6 3. Nc3 e6 4. e3 Nc6 5. d4 d5 6. cxd5 exd5 7. Bb5 cxd4 8.
Nxd4 Bd7 9. O-O Bd6 10. e4 Nxe4 11. Nxc6 bxc6 12. Nxe4 Be7 13. Bd3 dxe4 14.
Bxe4 O-O 15. Bf4 Bf6 16. Qc2 Qb6 17. Bxh7+ Kh8 18. Be4 Rfe8 19. Rad1 Rad8 20.
b3 c5 21. Rd5 Bg4 22. h3 Rxd5 23. Bxd5 Be6 24. Re1 Bd4 25. Bg3 Kg8 26. Qc4 g6
27. Bxe6 Rxe6 28. Rxe6 fxe6 29. Qa4 Kf7 30. Qd7+ Kf6 31. Bd6 e5 32. Be7+ 1-0

[Event "2BLW 2122 SG Solingen II - SV 1920 Hofh"]
[Site "?"]
[Date "2022.03.05"]
[Round "1.3"]
[White "Zude, Arno"]
[Black "Halvax, Georg"]
[Result "1-0"]
[WhiteElo "2373"]
[BlackElo "2407"]
[PlyCount "95"]
[EventDate "2022.??.??"]

1. e4 c5 2. Nf3 Nc6 3. d4 cxd4 4. Nxd4 Nf6 5. Nc3 e5 6. Ndb5 d6 7. Na3 a6 8.
Bg5 b5 9. Nd5 Be7 10. Bxf6 Bxf6 11. c3 Bg5 12. Nc2 Rb8 13. g3 a5 14. b4 axb4
15. Ncxb4 Bd7 16. Na6 Rb7 17. Bxb5 O-O 18. a4 Na5 19. O-O Bh3 20. Re1 Qc8 21.
Ra2 h6 22. Nab4 Ra7 23. Qb1 f5 24. exf5 Bxf5 25. Bd3 Be6 26. Be4 Raf7 27. Qd3
Nb3 28. Qd1 Nc5 29. Bg6 Ra7 30. Qe2 Bg4 31. Qc4 Qe6 32. Nc6 Bf3 33. Ncb4 Kh8
34. Bd3 Nxd3 35. Qxd3 Qh3 36. Qf1 Qf5 37. a5 Rc8 38. Qb5 Kh7 39. Qb6 Qh3 40.
Ne3 Rb7 41. Qxd6 Rxc3 42. a6 Ra3 43. Rxa3 Rxb4 44. Qf8 e4 45. Qf5+ Qxf5 46.
Nxf5 Bd2 47. Rf1 Rb2 48. Nd4 1-0

[Event "2BLW 2122 SG Solingen II - SV 1920 Hofh"]
[Site "?"]
[Date "2022.03.05"]
[Round "1.4"]
[White "Schlecht, Daniel"]
[Black "Weber, Ulrich"]
[Result "1-0"]
[WhiteElo "2380"]
[BlackElo "2339"]
[PlyCount "101"]
[EventDate "2022.??.??"]

1. d4 g6 2. c4 Bg7 3. Nf3 d6 4. e4 e5 5. Bg5 f6 6. Be3 Nh6 7. Nc3 Nc6 8. h3 O-O
9. dxe5 Nxe5 10. Nxe5 fxe5 11. Qd5+ Nf7 12. Be2 c6 13. Qd2 Be6 14. h4 Bf6 15.
g3 Qe7 16. Kf1 Rfd8 17. a4 Kh8 18. Kg2 h5 19. b3 Kh7 20. Raf1 Rg8 21. Rd1 b6
22. b4 Rac8 23. b5 Bg7 24. bxc6 Rxc6 25. Nd5 Bxd5 26. cxd5 Rc7 27. g4 hxg4 28.
Bxg4 Bh6 29. Be6 Bxe3 30. Qxe3 Rh8 31. Rh3 Kg7 32. Rdh1 Qf6 33. Rf3 Qd8 34. h5
Qg5+ 35. Rg3 Qxe3 36. Rxg6+ Kf8 37. fxe3 Rc2+ 38. Kg3 Nd8 39. Rf1+ Ke8 40. h6
Re2 41. Rf3 Re1 42. Kg4 a6 43. Bg8 b5 44. axb5 axb5 45. h7 Ke7 46. Rg7+ Ke8 47.
Bf7+ Nxf7 48. Rfxf7 b4 49. Re7+ Kd8 50. Rd7+ Kc8 51. Rg8+ 1-0

[Event "2BLW 2122 SG Solingen II - SV 1920 Hofh"]
[Site "?"]
[Date "2022.03.05"]
[Round "1.5"]
[White "Brendel, Oliver"]
[Black "Schaefer, Markus"]
[Result "1/2-1/2"]
[WhiteElo "2344"]
[BlackElo "2375"]
[PlyCount "34"]
[EventDate "2022.??.??"]

1. c4 g6 2. g3 Bg7 3. Bg2 e5 4. Nc3 d6 5. e4 Ne7 6. Nge2 Nbc6 7. d3 O-O 8. O-O
Be6 9. Nd5 f5 10. Bg5 h6 11. exf5 gxf5 12. Bxe7 Nxe7 13. Nxe7+ Qxe7 14. f4 c6
15. Qc2 Rae8 16. Rad1 Qc7 17. fxe5 dxe5 1/2-1/2

[Event "2BLW 2122 SG Solingen II - SV 1920 Hofh"]
[Site "?"]
[Date "2022.03.05"]
[Round "1.6"]
[White "Hobusch, Jan"]
[Black "Laux, Dominik"]
[Result "1/2-1/2"]
[WhiteElo "2239"]
[BlackElo "2228"]
[PlyCount "65"]
[EventDate "2022.??.??"]

1. d4 d5 2. c4 c6 3. Nf3 e6 4. e3 Nf6 5. Nbd2 Bd6 6. b3 O-O 7. Bd3 b6 8. O-O
Bb7 9. e4 dxe4 10. Nxe4 Nxe4 11. Bxe4 Nd7 12. Bb2 Nf6 13. Bc2 Qc7 14. Re1 Rfe8
15. Ne5 Rad8 16. Qd3 c5 17. Ng4 Nxg4 18. Qxh7+ Kf8 19. Qh8+ Ke7 20. Rxe6+ Kxe6
21. Re1+ Be5 22. Qh5 Rxd4 23. Bxd4 cxd4 24. Qxg4+ Ke7 25. f4 Kf8 26. fxe5 Rxe5
27. Qg3 Rxe1+ 28. Qxe1 Qf4 29. Bd3 g6 30. Qe2 Qc1+ 31. Kf2 Qf4+ 32. Kg1 Qc1+
33. Kf2 1/2-1/2

[Event "2BLW 2122 SG Solingen II - SV 1920 Hofh"]
[Site "?"]
[Date "2022.03.05"]
[Round "1.8"]
[White "Michalczak, Thomas"]
[Black "Haack, Kevin"]
[Result "1-0"]
[WhiteElo "2237"]
[BlackElo "2187"]
[PlyCount "97"]
[EventDate "2022.??.??"]

1. e4 c6 2. d4 d5 3. Nc3 dxe4 4. Nxe4 Bf5 5. Qf3 Bg6 6. c3 Nd7 7. h4 Ngf6 8.
Nxf6+ Nxf6 9. h5 Be4 10. Qg3 h6 11. Bf4 Qb6 12. b4 Nd5 13. Bd2 a5 14. b5 e6 15.
Bd3 Bxd3 16. Qxd3 Qxb5 17. c4 Qb2 18. Qb1 Nb4 19. Qxb2 Nd3+ 20. Ke2 Nxb2 21.
Rc1 Be7 22. Rc2 Na4 23. c5 O-O 24. Nf3 b5 25. cxb6 Nxb6 26. Rb1 Nd5 27. Ne5 Bb4
28. Nxc6 Bxd2 29. Kxd2 Rfc8 30. Rb5 Kf8 31. Nxa5 Rxc2+ 32. Kxc2 f5 33. Kb3 Nf4
34. g3 Ne2 35. Kc4 Rc8+ 36. Rc5 Rd8 37. Nc6 Ra8 38. Ra5 Rc8 39. Ra6 Ke8 40. a4
Kd7 41. Kc5 Nc3 42. Ra7+ Rc7 43. a5 Nd5 44. a6 Nc3 45. Rb7 Nd5 46. f3 Nc3 47.
Rxc7+ Kxc7 48. Nd8 Ne2 49. a7 1-0

[Event "2BLW 2122 SC Hansa Dortmund - SF Neuber"]
[Site "?"]
[Date "2022.03.05"]
[Round "1.1"]
[White "Lubbe, Nikolas"]
[Black "Klyuner, Vyacheslav"]
[Result "1/2-1/2"]
[WhiteElo "2441"]
[BlackElo "2441"]
[PlyCount "59"]
[EventDate "2022.??.??"]

1. d4 Nf6 2. Nf3 e6 3. c4 Bb4+ 4. Nbd2 d5 5. Qa4+ Nc6 6. e3 O-O 7. a3 Bxd2+ 8.
Bxd2 Ne4 9. Qc2 Nxd2 10. Qxd2 b6 11. cxd5 Qxd5 12. Bd3 Bb7 13. O-O Rfd8 14.
Rfd1 Ne7 15. Rac1 Rac8 16. Qe2 g6 17. e4 Qa5 18. Bc4 c5 19. d5 exd5 20. exd5
Nxd5 21. Qe4 Qa4 22. Ne5 Nc3 23. Rxd8+ Rxd8 24. Qxb7 Qd1+ 25. Bf1 Ne2+ 26. Kh1
Nxc1 27. Qxf7+ Kh8 28. Qf6+ Kg8 29. Qf7+ Kh8 30. Qf6+ 1/2-1/2

[Event "2BLW 2122 SC Hansa Dortmund - SF Neuber"]
[Site "?"]
[Date "2022.03.05"]
[Round "1.2"]
[White "Scholz, Christian"]
[Black "Lubbe, Melanie"]
[Result "1-0"]
[WhiteElo "2362"]
[BlackElo "2301"]
[PlyCount "93"]
[EventDate "2022.??.??"]

1. d4 Nf6 2. c4 g6 3. Nc3 Bg7 4. e4 d6 5. h3 O-O 6. Be3 e5 7. d5 c6 8. Nf3 Na6
9. Nd2 Bd7 10. Be2 Qe8 11. O-O cxd5 12. cxd5 Nc5 13. b4 Na4 14. Nxa4 Bxa4 15.
Qb1 Nh5 16. Rc1 f5 17. Nc4 Qd7 18. Bxh5 gxh5 19. f3 fxe4 20. Qxe4 Qe7 21. Nd2
Bd7 22. Rc7 Qd8 23. Rac1 Rf7 24. Qc4 Bb5 25. Qc2 Bd3 26. Qxd3 Rxc7 27. Re1 Qh4
28. Rb1 Qf6 29. Ne4 Qg6 30. b5 b6 31. Qa3 Rd8 32. Rc1 Rxc1+ 33. Qxc1 Qf7 34.
Bg5 Rb8 35. Qc6 Bf8 36. Nf6+ Kh8 37. Nd7 Re8 38. Nf6 Rb8 39. Nd7 Re8 40. Nf6
Rd8 41. Ne4 Rb8 42. Nxd6 Bxd6 43. Qxd6 Re8 44. Qh6 Rf8 45. d6 Rc8 46. Qf6+ Kg8
47. Qxf7+ 1-0

[Event "2BLW 2122 SC Hansa Dortmund - SF Neuber"]
[Site "?"]
[Date "2022.03.05"]
[Round "1.3"]
[White "Bethke, Richard"]
[Black "Kotter, Ralf"]
[Result "1-0"]
[WhiteElo "2327"]
[BlackElo "2345"]
[PlyCount "59"]
[EventDate "2022.??.??"]

1. e4 c5 2. Nf3 e6 3. d4 cxd4 4. Nxd4 a6 5. Bd3 Nf6 6. O-O Qc7 7. Kh1 Bc5 8.
Nb3 Be7 9. f4 d6 10. c4 b6 11. Nc3 Nbd7 12. a4 Rb8 13. Be3 h5 14. Nd2 h4 15.
Be2 Bb7 16. Bf3 g6 17. Rc1 Rc8 18. b4 Qb8 19. Qe2 Kf8 20. f5 gxf5 21. exf5 h3
22. fxe6 Bxf3 23. Nxf3 hxg2+ 24. Qxg2 Rxc4 25. exd7 Rg4 26. Qd2 Qa8 27. Nb5 Kg7
28. Nxd6 Bxd6 29. Qxd6 Qe4 30. Bd4 1-0

[Event "2BLW 2122 SC Hansa Dortmund - SF Neuber"]
[Site "?"]
[Date "2022.03.05"]
[Round "1.4"]
[White "Christensen, Niels"]
[Black "Wahedi, Ahmad Siar"]
[Result "1-0"]
[WhiteElo "2306"]
[BlackElo "2284"]
[PlyCount "51"]
[EventDate "2022.??.??"]

1. d4 Nf6 2. c4 c5 3. Nf3 e6 4. Nc3 Be7 5. d5 d6 6. e4 O-O 7. Be2 Na6 8. O-O
Nc7 9. a3 a5 10. a4 Re8 11. h3 Bf8 12. Nd2 g6 13. f4 exd5 14. cxd5 c4 15. Bf3
b5 16. axb5 Nxb5 17. e5 Nxc3 18. bxc3 dxe5 19. fxe5 Nxd5 20. Nxc4 Be6 21. Nd6
Bxd6 22. exd6 Qxd6 23. Qd4 Ra6 24. Rd1 f6 25. c4 Nc7 26. Qxf6 1-0